000 00549nam a2200217Ia 4500
008 160621s9999 xx 000 0 und d
020 _a978-981-4253-46-8
050 _aComSc QA 76.575
050 _b.S58 2011 c.2
100 _aShuman, Jim.
245 _aMultimedia concepts /
245 _cJim Shuman.
260 _aSingapore :
260 _bCengage Learning Asia Pte Ltd.,
260 _c2011
300 _a230 pages :
300 _billustrations ;
300 _c25 cm.
500 _aIncludes index.
650 _aMultimedia systems.
999 _c296081
_d296081